LEADER 01920nam0 22004093i 450 001 TO01464702 005 20231121125845.0 100 $a20150721d1985 ||||0itac50 ba 101 | $ager$agrc 102 $aat 181 1$6z01$ai $bxxxe 182 1$6z01$an 200 1 $aCarmina de virtute 1a-1b$fGregor von Nazianz$gediert von Roberto Palla$gübersetzt und kommentiert von Manfred Kertsch 210 $aGraz$c[Instituts für Ökumenische Theologie und Patrologie an der Universität Graz]$d1985 215 $a239 p.$d21 cm. 225 | $aGrazer theologische Studien$v10 410 0$1001UFI0269539$12001 $aGrazer theologische Studien$v10 500 10$aCarmina. -$3UFI0208022$9CFIV011383$93638788 606 $aPoesia greca$2FIR$3RMLC104434$9E 606 $aGregorius, Nazianzenus$xEdizioni critiche$2FIR$3RMLC421647$9I 676 $a881.01$9Poesia greca classica. Periodo antico, fino al 499.$v21 700 0$aGregorius : Nazianzenus$c $3CFIV011383$4070$0172537 702 1$aPalla$b, Roberto$3CFIV087938 702 1$aKertsch$b, Manfred$3CFIV139257 790 0$aGregorio : Nazianzeno$c $3CFIV014227$zGregorius : Nazianzenus 790 0$aGrégoire : de Nazianze$c $3CFIV080809$zGregorius : Nazianzenus 790 0$aGregorio : di Nazianzo$c $3CFIV164340$zGregorius : Nazianzenus 790 0$aGregorius : Nazanzenus$3CFIV287610$zGregorius : Nazianzenus 790 0$aGregorius : Nazianenus$f $3PALV055078$zGregorius : Nazianzenus 801 3$aIT$bIT-01$c20150721 850 $aIT-FR0017 899 $aBiblioteca umanistica Giorgio Aprea$bFR0017 $eN 912 $aTO01464702 950 0$aBiblioteca umanistica Giorgio Aprea$d 52MAG 12/998$e 52AMT0000000675 VMN RS $fA $h20150721$i20150721 977 $a 52 996 $aCarmina$93638788 997 $aUNICAS LEADER 01500nam0 22003131i 450 001 UON00260876 005 20231205103711.476 100 $a20050127d1958 |0itac50 ba 101 $afre 102 $aFR 105 $a||||0 ||||| 200 1 $aEssais$fMontaigne 205 $aNouvelle édition conforme au texte de l'exemplaire de Bprdeaux$favec les additions de l'édition posthume$bune introduction 210 $aParis$cGarnier$d1952 215 $a3 v.$d19 cm. 410 1$1001UON00172566$12001 $aClassiques Garnier$1210 $aParis$cGarnier Frères 620 $aFR$dParis$3UONL002984 676 $a194$cFilosofia occidentale moderna. Francia$v21 676 $a844$cLetteratura francese. Saggi$v21 700 1$aMONTAIGNE$bMichel : de$3UONV140070$0172668 702 1$aRat$bMaurice$3UONV145402 712 $aGarnier Frères$3UONV254608$4650 801 $aIT$bSOL$c20260220$gRICA 912 $aUON00260876 950 $aSIBA - SISTEMA BIBLIOTECARIO DI ATENEO E ARCHIVIO STORICO$dSI C.G MON 01 $eSI MR 44629 5 01 950 $aSIBA - SISTEMA BIBLIOTECARIO DI ATENEO E ARCHIVIO STORICO$dSI C.G MON 02 $eSI MR 44629/1 5 02 950 $aSIBA - SISTEMA BIBLIOTECARIO DI ATENEO E ARCHIVIO STORICO$dSI C.G MON 03 $eSI MR 44629/2 5 03 996 $aEssais$931838 997 $aUNIOR